[Event "Scarborough CC-ch reserves op"]
[Site "Toronto CAN"]
[Date "2009.02.26"]
[Round "1"]
[White "Rutherdale, William"]
[Black "Stein, Mickey"]
[Result "1-0"]
[WhiteElo "1762"]
[BlackElo "1957"]
[PlyCount "87"]
[GameId "2160767910260554"]
[EventDate "2009.02.26"]
[EventType "swiss"]
[EventRounds "9"]
[EventCountry "CAN"]
[SourceTitle "EXT 2011"]
[Source "ChessBase"]
[SourceDate "2011.11.26"]
[SourceVersion "1"]
[SourceVersionDate "2011.11.26"]
[SourceQuality "1"]

1. d4 d5 2. c4 e6 3. Nc3 c6 4. cxd5 exd5 5. Nf3 Nf6 6. e3 Bd6 7. Bd3 O-O 8. O-O Nbd7 9. Bd2 Re8 10. Qc2 Nf8 11. Rfc1 Bg4 12. Ne1 Rc8 13. Bf5 Bxf5 14. Qxf5 Ne4 15. Nxe4 dxe4 16. Rab1 g6 17. Qh3 Ne6 18. b4 Nc7 19. a4 a6 20. Bc3 Nd5 21. Bd2 f5 22. b5 axb5 23. axb5 cxb5 24. Rxc8 Qxc8 25. Rxb5 Qc6 26. Rb1 Nc3 27. Bxc3 Qxc3 28. g3 b5 29. Qf1 b4 30. Qb5 Rd8 31. h4 Qc7 32. h5 Kg7 33. hxg6 hxg6 34. Qe2 Rb8 35. Qb2 b3 36. Rc1 Qb6 37. d5+ Kh6 38. Rc6 Qb4 39. Ng2 Qa3 40. Qf6 b2 41. Nh4 b1=Q+ 42. Kg2 Kh7 43. Qf7+ Kh8 44. Nxg6# 1-0

[Event "Scarborough CC-ch reserves op"]
[Site "Toronto CAN"]
[Date "2009.03.05"]
[Round "2"]
[White "Armstrong, Robert J"]
[Black "Wu, Aaron"]
[Result "0-1"]
[WhiteElo "1827"]
[BlackElo "1995"]
[PlyCount "86"]
[GameId "2160767910260555"]
[EventDate "2009.02.26"]
[EventType "swiss"]
[EventRounds "9"]
[EventCountry "CAN"]
[SourceTitle "EXT 2011"]
[Source "ChessBase"]
[SourceDate "2011.11.26"]
[SourceVersion "1"]
[SourceVersionDate "2011.11.26"]
[SourceQuality "1"]

1. d4 Nf6 2. c4 g6 3. Nc3 Bg7 4. e4 d6 5. f3 O-O 6. Be3 Nbd7 7. g4 c5 8. Nge2 a6 9. Ng3 Rb8 10. a4 Qa5 11. d5 Ne5 12. Be2 Qb4 13. Qd2 Nxc4 14. Bxc4 Qxc4 15. Bh6 Nd7 16. Bxg7 Kxg7 17. f4 Nf6 18. g5 Ng8 19. h4 f5 20. gxf6+ Nxf6 21. h5 Bg4 22. hxg6 hxg6 23. f5 Rh8 24. Qg5 Rxh1+ 25. Nxh1 Rh8 26. Qxg6+ Kf8 27. Nf2 Qd4 28. Qg5 Bf3 29. Qf4 Rg8 30. Qxf3 Rg1+ 31. Ke2 Rxa1 32. Ng4 Nxg4 33. Qxg4 Rc1 34. Qh4 Rc2+ 35. Kf3 Qd3+ 36. Kg4 Rg2+ 37. Kf4 Ke8 38. f6 Qf1+ 39. Ke3 Qxf6 40. Qh5+ Kd8 41. Nd1 Qd4+ 42. Kf3 Qxd1+ 43. Kxg2 Qxh5 0-1

[Event "Scarborough CC-ch reserves op"]
[Site "Toronto CAN"]
[Date "2009.03.05"]
[Round "2"]
[White "Bossy, John"]
[Black "Moran-Venegas, Mario"]
[Result "1-0"]
[WhiteElo "1929"]
[BlackElo "1712"]
[PlyCount "71"]
[GameId "2160767910260556"]
[EventDate "2009.02.26"]
[EventType "swiss"]
[EventRounds "9"]
[EventCountry "CAN"]
[SourceTitle "EXT 2011"]
[Source "ChessBase"]
[SourceDate "2011.11.26"]
[SourceVersion "1"]
[SourceVersionDate "2011.11.26"]
[SourceQuality "1"]

1. c4 e5 2. Nc3 Nc6 3. Nf3 Nf6 4. g3 Bb4 5. Bg2 Bxc3 6. bxc3 O-O 7. O-O d6 8. d3 Bd7 9. e4 Re8 10. Rb1 b6 11. Ne1 Qc8 12. Bg5 Bh3 13. Bxf6 Bxg2 14. Nxg2 gxf6 15. Qh5 Ne7 16. Ne3 Qe6 17. f4 exf4 18. Rxf4 f5 19. Nxf5 Nxf5 20. Rxf5 h6 21. Rbf1 Qg6 22. Qh4 Re6 23. R1f4 Qg7 24. Rf6 Rxf6 25. Rxf6 Kh7 26. Qf4 Rf8 27. d4 Qg5 28. Rxf7+ Rxf7 29. Qxf7+ Kh8 30. Qf8+ Kh7 31. Qf5+ Kg7 32. Qxg5+ hxg5 33. g4 Kf6 34. Kf2 Ke6 35. Kg3 Kf7 36. h4 1-0

[Event "Scarborough CC-ch reserves op"]
[Site "Toronto CAN"]
[Date "2009.03.05"]
[Round "2"]
[White "Gillis, Doug"]
[Black "Farrant, David"]
[Result "1-0"]
[WhiteElo "1677"]
[BlackElo "1498"]
[PlyCount "67"]
[GameId "2160767910260558"]
[EventDate "2009.02.26"]
[EventType "swiss"]
[EventRounds "9"]
[EventCountry "CAN"]
[SourceTitle "EXT 2011"]
[Source "ChessBase"]
[SourceDate "2011.11.26"]
[SourceVersion "1"]
[SourceVersionDate "2011.11.26"]
[SourceQuality "1"]

1. e4 c5 2. Nf3 e6 3. d4 cxd4 4. Nxd4 a6 5. Nc3 Qc7 6. g3 Nf6 7. Bg2 Nc6 8. O-O b5 9. Re1 Nxd4 10. Qxd4 Bc5 11. Qd1 d6 12. Bg5 Bb7 13. Bxf6 gxf6 14. a3 Ke7 15. Qd3 h5 16. Rad1 Rag8 17. b4 Ba7 18. e5 dxe5 19. Bxb7 Rd8 20. Qf3 h4 21. Qc6 Qxc6 22. Bxc6 Rc8 23. Rd7+ Kf8 24. Nxb5 Bxf2+ 25. Kxf2 Rxc6 26. Nd6 hxg3+ 27. hxg3 Rxc2+ 28. Kf3 Rhh2 29. Rxf7+ Kg8 30. Ra7 Rhf2+ 31. Kg4 f5+ 32. Kg5 Rg2 33. Rh1 Rxg3+ 34. Kf6 1-0

[Event "Scarborough CC-ch reserves op"]
[Site "Toronto CAN"]
[Date "2009.03.05"]
[Round "2"]
[White "Jizan, Masoud"]
[Black "Paterson, Jim"]
[Result "1-0"]
[WhiteElo "1625"]
[BlackElo "1802"]
[PlyCount "95"]
[GameId "2160767910260559"]
[EventDate "2009.02.26"]
[EventType "swiss"]
[EventRounds "9"]
[EventCountry "CAN"]
[SourceTitle "EXT 2011"]
[Source "ChessBase"]
[SourceDate "2011.11.26"]
[SourceVersion "1"]
[SourceVersionDate "2011.11.26"]
[SourceQuality "1"]

1. c4 e5 2. Nc3 c6 3. Nf3 d6 4. g3 g6 5. Bg2 Bg7 6. d3 Nd7 7. O-O Ne7 8. Ne4 Qc7 9. Bg5 f6 10. Bd2 O-O 11. d4 Rd8 12. Qc1 Nf5 13. Bc3 Nf8 14. e3 Ne6 15. Bh3 Qf7 16. Bb4 d5 17. Bxf5 gxf5 18. Nd6 Qh5 19. Nh4 f4 20. Nhf5 Ng5 21. Nxc8 Qh3 22. Nce7+ Kh8 23. Nh4 fxg3 24. fxg3 exd4 25. exd4 Qg4 26. Qe3 Bh6 27. Kh1 Qe4+ 28. Qxe4 Nxe4 29. cxd5 cxd5 30. Rf5 Be3 31. Nxd5 Bxd4 32. Bc3 Nxc3 33. Nxc3 Kg7 34. Nf3 Bxc3 35. bxc3 Rac8 36. Nd4 Kg6 37. Raf1 Rd6 38. Nb5 Ra6 39. a3 Rcc6 40. g4 Ra4 41. h3 a6 42. Nd4 Rb6 43. h4 Rxa3 44. h5+ Kg7 45. Rc5 Ra2 46. Rc7+ Kh6 47. Nf5+ Kg5 48. Rg7# 1-0

[Event "Scarborough CC-ch reserves op"]
[Site "Toronto CAN"]
[Date "2009.03.05"]
[Round "2"]
[White "Peng, Bill"]
[Black "Arfin, Sam"]
[Result "1-0"]
[WhiteElo "1734"]
[BlackElo "1939"]
[PlyCount "53"]
[GameId "2160767910260560"]
[EventDate "2009.02.26"]
[EventType "swiss"]
[EventRounds "9"]
[EventCountry "CAN"]
[SourceTitle "EXT 2011"]
[Source "ChessBase"]
[SourceDate "2011.11.26"]
[SourceVersion "1"]
[SourceVersionDate "2011.11.26"]
[SourceQuality "1"]

1. e4 c5 2. Nc3 g6 3. g3 Bg7 4. Bg2 Nc6 5. d3 e6 6. Be3 b6 7. Nge2 Bb7 8. Qd2 Nd4 9. Bxd4 Bxd4 10. Nxd4 cxd4 11. Nb5 d6 12. Qb4 Ke7 13. Qxd4 e5 14. Qe3 a6 15. Nc3 Rc8 16. O-O Nf6 17. f4 h6 18. Nd5+ Nxd5 19. exd5 f6 20. d4 Rxc2 21. fxe5 fxe5 22. dxe5 Rxb2 23. exd6+ Kxd6 24. Qf4+ Kc5 25. Rfc1+ Kb5 26. Qc4+ Ka5 27. Qc3+ 1-0

[Event "Scarborough CC-ch reserves op"]
[Site "Toronto CAN"]
[Date "2009.03.05"]
[Round "2"]
[White "Wilker, Marcus"]
[Black "Rutherdale, William"]
[Result "1/2-1/2"]
[WhiteElo "1794"]
[BlackElo "1762"]
[PlyCount "88"]
[GameId "2160767910260561"]
[EventDate "2009.02.26"]
[EventType "swiss"]
[EventRounds "9"]
[EventCountry "CAN"]
[SourceTitle "EXT 2011"]
[Source "ChessBase"]
[SourceDate "2011.11.26"]
[SourceVersion "1"]
[SourceVersionDate "2011.11.26"]
[SourceQuality "1"]

1. d4 Nf6 2. c4 e6 3. Nc3 Bb4 4. Qc2 c5 5. a3 Ba5 6. dxc5 Bxc3+ 7. Qxc3 Qc7 8. b4 a5 9. f3 axb4 10. axb4 Rxa1 11. Qxa1 d6 12. Bf4 e5 13. cxd6 Qxc4 14. Qxe5+ Be6 15. e4 Qxb4+ 16. Bd2 Qb1+ 17. Kf2 Nbd7 18. Qc3 O-O 19. Bd3 Qb6+ 20. Be3 Qxd6 21. Ne2 Ne5 22. Bb5 Rc8 23. Qd4 Qxd4 24. Nxd4 Bd7 25. Be2 Nc6 26. Rc1 Nxd4 27. Rxc8+ Bxc8 28. Bxd4 Nd7 29. f4 Nf8 30. f5 Bd7 31. g4 Bc6 32. e5 Bd5 33. Ke3 g6 34. Kf4 h6 35. h4 Nh7 36. g5 hxg5+ 37. hxg5 gxf5 38. Kxf5 Be6+ 39. Kf4 Kg7 40. Bc5 Nf8 41. Bf3 b5 42. Bb4 Bc4 43. Bg4 Ne6+ 44. Bxe6 Bxe6 1/2-1/2

[Event "Scarborough CC-ch reserves op"]
[Site "Toronto CAN"]
[Date "2009.03.05"]
[Round "2"]
[White "Zhou, Kevin"]
[Black "Walker, John"]
[Result "1-0"]
[WhiteElo "1622"]
[BlackElo "1256"]
[PlyCount "43"]
[GameId "2160767910260562"]
[EventDate "2009.02.26"]
[EventType "swiss"]
[EventRounds "9"]
[EventCountry "CAN"]
[SourceTitle "EXT 2011"]
[Source "ChessBase"]
[SourceDate "2011.11.26"]
[SourceVersion "1"]
[SourceVersionDate "2011.11.26"]
[SourceQuality "1"]

1. e4 e5 2. Nf3 d6 3. d4 Nf6 4. Nc3 Nbd7 5. Be2 Be7 6. O-O O-O 7. a3 Re8 8. Bd3 Bf8 9. h3 exd4 10. Nxd4 Nc5 11. Re1 d5 12. e5 Nxd3 13. Qxd3 Bd6 14. Nf3 Bxe5 15. Rxe5 Be6 16. Nd4 Qd6 17. Re2 Bd7 18. Rxe8+ Rxe8 19. Bd2 Ne4 20. Re1 c5 21. Nf3 Bc6 22. Nxe4 1-0

[Event "Scarborough CC-ch reserves op"]
[Site "Toronto CAN"]
[Date "2009.03.12"]
[Round "3"]
[White "Armstrong, Robert J"]
[Black "Morra, Lui"]
[Result "1-0"]
[WhiteElo "1827"]
[BlackElo "1641"]
[PlyCount "75"]
[GameId "2160767910260563"]
[EventDate "2009.02.26"]
[EventType "swiss"]
[EventRounds "9"]
[EventCountry "CAN"]
[SourceTitle "EXT 2011"]
[Source "ChessBase"]
[SourceDate "2011.11.26"]
[SourceVersion "1"]
[SourceVersionDate "2011.11.26"]
[SourceQuality "1"]

1. d4 Nf6 2. c4 g6 3. Nc3 Bg7 4. e4 d6 5. f3 Nbd7 6. Be3 O-O 7. g4 c6 8. Nge2 Qa5 9. Ng3 c5 10. d5 Ne5 11. h4 Bd7 12. Be2 Qb4 13. Qd2 Rfd8 14. h5 Nxc4 15. Bxc4 Qxc4 16. Bh6 Bh8 17. Bg5 b5 18. Rc1 b4 19. Nd1 Qd4 20. Qh2 gxh5 21. Nf5 Bxf5 22. gxf5 Qe5 23. Qxe5 dxe5 24. Rxc5 Rdc8 25. Rb5 a5 26. Rb7 Kf8 27. Bxf6 Bxf6 28. Rxh5 Kg7 29. Kd2 h6 30. Kd3 Rc1 31. Ne3 Ra1 32. Ng4 Rxa2 33. Rh2 Rc8 34. Nxh6 Bg5 35. Ng4 Bc1 36. Nxe5 Bf4 37. Rg2+ Kf6 38. Nd7# 1-0

[Event "Scarborough CC-ch reserves op"]
[Site "Toronto CAN"]
[Date "2009.03.12"]
[Round "3"]
[White "Jizan, Masoud"]
[Black "Moysoski, Randy"]
[Result "*"]
[WhiteElo "1626"]
[BlackElo "1870"]
[PlyCount "106"]
[GameId "2160767910260564"]
[EventDate "2009.02.26"]
[EventType "swiss"]
[EventRounds "9"]
[EventCountry "CAN"]
[SourceTitle "EXT 2011"]
[Source "ChessBase"]
[SourceDate "2011.11.26"]
[SourceVersion "1"]
[SourceVersionDate "2011.11.26"]
[SourceQuality "1"]

1. c4 Nf6 2. Nc3 e5 3. d3 a6 4. Nf3 Nc6 5. g3 Bc5 6. Bg2 h6 7. e3 Ba7 8. a3 O-O 9. b4 d6 10. Bb2 Bg4 11. Qc2 Qd7 12. h3 Bh5 13. g4 Bg6 14. Nh4 Bh7 15. Nf5 Ne7 16. Nxe7+ Qxe7 17. Bxb7 Rab8 18. Bxa6 c6 19. b5 d5 20. cxd5 cxd5 21. Ne2 Rfd8 22. a4 d4 23. Ba3 Qe6 24. e4 Nxe4 25. Qc6 Ng5 26. Rc1 Qb3 27. Be7 Re8 28. Bxg5 hxg5 29. a5 Qb4+ 30. Kf1 Qxa5 31. Qd7 Bb6 32. Kg2 Bxd3 33. Ng3 e4 34. Rhd1 Qa3 35. Rc6 Qe7 36. Qf5 g6 37. Qd5 Red8 38. Qb3 Kg7 39. Re1 Ba5 40. Qxd3 exd3 41. Rxe7 d2 42. Ne4 Re8 43. Rxe8 Rxe8 44. Nxd2 Bxd2 45. Rd6 Re6 46. Rxd4 Ba5 47. Rd7 Bb6 48. Bb7 Re2 49. Kg3 Rxf2 50. Bd5 Rf6 51. Rb7 Bd4 52. Rd7 Be3 53. Bc6 Kf8 *

[Event "Scarborough CC-ch reserves op"]
[Site "Toronto CAN"]
[Date "2009.03.12"]
[Round "3"]
[White "Perez, Michael"]
[Black "Wilker, Marcus"]
[Result "0-1"]
[WhiteElo "1790"]
[BlackElo "1750"]
[PlyCount "98"]
[GameId "2160767910260565"]
[EventDate "2009.02.26"]
[EventType "swiss"]
[EventRounds "9"]
[EventCountry "CAN"]
[SourceTitle "EXT 2011"]
[Source "ChessBase"]
[SourceDate "2011.11.26"]
[SourceVersion "1"]
[SourceVersionDate "2011.11.26"]
[SourceQuality "1"]

1. e4 c6 2. Nf3 d5 3. exd5 cxd5 4. d4 Bg4 5. Nbd2 e6 6. h3 Bh5 7. Bd3 Nc6 8. c3 Bg6 9. Bxg6 hxg6 10. Qa4 Bd6 11. Ne5 Qc7 12. Ndf3 O-O-O 13. Nxc6 bxc6 14. Qa6+ Qb7 15. Qxb7+ Kxb7 16. b4 Ne7 17. Ng5 Rdf8 18. O-O e5 19. f3 Nf5 20. Rd1 f6 21. Ne6 Re8 22. Nc5+ Bxc5 23. bxc5 exd4 24. Rb1+ Ka6 25. cxd4 Re2 26. Rb2 Rhe8 27. Rd3 Rxb2 28. Bxb2 Re2 29. Ra3+ Kb7 30. Rb3+ Kc7 31. Kf1 Rd2 32. Bc3 Rxa2 33. Rb2 Ne3+ 34. Kg1 Ra1+ 35. Kh2 Nd1 36. Rb7+ Kxb7 37. Bxa1 Ka6 38. Kg1 Kb5 39. Kf1 Ne3+ 40. Kf2 Nc2 41. Bb2 Kc4 42. g4 Nxd4 43. h4 Kxc5 44. Ke3 Ne6 45. f4 f5 46. gxf5 gxf5 47. Be5 g6 48. Kd3 d4 49. Bb8 a5 0-1

[Event "Scarborough CC-ch reserves op"]
[Site "Toronto CAN"]
[Date "2009.03.12"]
[Round "3"]
[White "Wu, Aaron"]
[Black "Ferreira, Alex"]
[Result "0-1"]
[WhiteElo "1995"]
[BlackElo "2062"]
[PlyCount "84"]
[GameId "2160767910260566"]
[EventDate "2009.02.26"]
[EventType "swiss"]
[EventRounds "9"]
[EventCountry "CAN"]
[SourceTitle "EXT 2011"]
[Source "ChessBase"]
[SourceDate "2011.11.26"]
[SourceVersion "1"]
[SourceVersionDate "2011.11.26"]
[SourceQuality "1"]

1. e4 d5 2. exd5 Nf6 3. d4 Nxd5 4. c4 Nb6 5. Nc3 e5 6. dxe5 Qxd1+ 7. Kxd1 Nc6 8. Nb5 Bg4+ 9. f3 O-O-O+ 10. Ke1 Be6 11. Bg5 Bb4+ 12. Kf2 Bc5+ 13. Kg3 Rd7 14. a3 h6 15. b4 Bxg1 16. Bc1 Bd4 17. Nxd4 Nxd4 18. c5 Nd5 19. Bb2 Nf5+ 20. Kf2 Nf4 21. Bc1 Nd3+ 22. Bxd3 Rxd3 23. Rb1 Rhd8 24. g4 Nh4 25. Be3 Bd5 26. b5 Bxf3 27. Rhc1 Be4 28. b6 Rxa3 29. Rb4 Bc6 30. bxc7 Kxc7 31. g5 Ra2+ 32. Kg3 Nf5+ 33. Kf4 Nxe3 34. Kxe3 Rxh2 35. Rf4 Rh3+ 36. Ke2 Rd7 37. gxh6 Bb5+ 38. Kf2 gxh6 39. Kg2 Re3 40. Ra1 Kb8 41. e6 Bc6+ 42. Kf2 Rxe6 0-1

[Event "Scarborough CC-ch reserves op"]
[Site "Toronto CAN"]
[Date "2009.03.19"]
[Round "4"]
[White "Brammall, Stuart"]
[Black "Armstrong, Robert J"]
[Result "1/2-1/2"]
[WhiteElo "1686"]
[BlackElo "1827"]
[PlyCount "82"]
[GameId "2160767910260567"]
[EventDate "2009.02.26"]
[EventType "swiss"]
[EventRounds "9"]
[EventCountry "CAN"]
[SourceTitle "EXT 2011"]
[Source "ChessBase"]
[SourceDate "2011.11.26"]
[SourceVersion "1"]
[SourceVersionDate "2011.11.26"]
[SourceQuality "1"]

1. b3 g6 2. Bb2 Nf6 3. f4 Bg7 4. Nf3 O-O 5. e3 d6 6. Bd3 Nc6 7. O-O e5 8. fxe5 Ng4 9. Be2 Ngxe5 10. Bxe5 Nxe5 11. c3 Bf5 12. Na3 Qe7 13. Nc2 Rae8 14. Ncd4 Be4 15. Rc1 c5 16. Nc2 Ng4 17. Qe1 Bxc2 18. Rxc2 Qe4 19. Rc1 Nxe3 20. Bb5 Nxf1 21. Bxe8 Rxe8 22. Qxe4 Rxe4 23. Kxf1 d5 24. c4 d4 25. Re1 f5 26. Rxe4 fxe4 27. Ng5 e3 28. dxe3 dxe3 29. Ne6 Bd4 30. Nc7 Be5 31. Ne6 b6 32. h3 Kf7 33. Ng5+ Kg7 34. Ke2 h6 35. Ne4 Bd4 36. Ng3 Kf6 37. Nf1 Ke5 38. Nxe3 Bxe3 39. Kxe3 h5 40. h4 Kf5 41. Kf3 Ke5 1/2-1/2

[Event "Scarborough CC-ch reserves op"]
[Site "Toronto CAN"]
[Date "2009.03.19"]
[Round "4"]
[White "Ferreira, Alex"]
[Black "Maister, Martin"]
[Result "1-0"]
[WhiteElo "2062"]
[BlackElo "1730"]
[PlyCount "41"]
[GameId "2160767910260568"]
[EventDate "2009.02.26"]
[EventType "swiss"]
[EventRounds "9"]
[EventCountry "CAN"]
[SourceTitle "EXT 2011"]
[Source "ChessBase"]
[SourceDate "2011.11.26"]
[SourceVersion "1"]
[SourceVersionDate "2011.11.26"]
[SourceQuality "1"]

1. e4 c5 2. Nf3 d6 3. d4 cxd4 4. Nxd4 Nf6 5. Nc3 a6 6. a4 e5 7. Nf3 Be7 8. Bc4 Qc7 9. Qe2 O-O 10. O-O b6 11. Rd1 Bb7 12. Bg5 Nbd7 13. Bxf6 Nxf6 14. Rd2 b5 15. axb5 axb5 16. Rxa8 Rxa8 17. Bxb5 Qa5 18. Rd1 Ba6 19. Bxa6 Rxa6 20. Nd2 Qc7 21. Qxa6 1-0

[Event "Scarborough CC-ch reserves op"]
[Site "Toronto CAN"]
[Date "2009.03.19"]
[Round "4"]
[White "Moysoski, Randy"]
[Black "Arfin, Sam"]
[Result "0-1"]
[WhiteElo "1870"]
[BlackElo "1939"]
[PlyCount "52"]
[GameId "2160767910260569"]
[EventDate "2009.02.26"]
[EventType "swiss"]
[EventRounds "9"]
[EventCountry "CAN"]
[SourceTitle "EXT 2011"]
[Source "ChessBase"]
[SourceDate "2011.11.26"]
[SourceVersion "1"]
[SourceVersionDate "2011.11.26"]
[SourceQuality "1"]

1. e4 d5 2. e5 c5 3. Nf3 Bg4 4. Be2 e6 5. d4 Nc6 6. O-O Bxf3 7. Bxf3 Nxd4 8. Bg4 Ne7 9. c3 Ndc6 10. f4 g6 11. Qb3 Qb6 12. Qa4 Nf5 13. Kh1 Be7 14. Na3 h5 15. Be2 h4 16. c4 O-O-O 17. Rb1 Qb4 18. Qxb4 cxb4 19. cxd5 Ng3+ 20. Kg1 Nxe2+ 21. Kf2 bxa3 22. dxc6 Nxc1 23. Rfxc1 Rd2+ 24. Kf3 Rxb2 25. Ra1 b6 26. Ke3 Bc5+ 0-1

[Event "Scarborough CC-ch reserves op"]
[Site "Toronto CAN"]
[Date "2009.03.19"]
[Round "4"]
[White "Sherman, Joshua"]
[Black "Bossy, John"]
[Result "1/2-1/2"]
[WhiteElo "1870"]
[BlackElo "1929"]
[PlyCount "81"]
[GameId "2160767910260570"]
[EventDate "2009.02.26"]
[EventType "swiss"]
[EventRounds "9"]
[EventCountry "CAN"]
[SourceTitle "EXT 2011"]
[Source "ChessBase"]
[SourceDate "2011.11.26"]
[SourceVersion "1"]
[SourceVersionDate "2011.11.26"]
[SourceQuality "1"]

1. e4 c6 2. d3 d5 3. Nd2 e5 4. Ngf3 Bd6 5. g3 Nf6 6. Bg2 O-O 7. O-O Re8 8. Re1 Nbd7 9. c3 Nf8 10. Nf1 Ng6 11. Qc2 a5 12. a4 dxe4 13. dxe4 Bc5 14. Be3 Qb6 15. Rab1 Be6 16. b4 Bxe3 17. Nxe3 axb4 18. Rxb4 Qc7 19. Reb1 Ra7 20. Ng5 Bc8 21. c4 h6 22. Nf3 Be6 23. c5 Nd7 24. Ne1 Rea8 25. Nd3 Ngf8 26. f4 f6 27. Nc4 Bxc4 28. Qxc4+ Kh8 29. Bh3 Rd8 30. Rb6 exf4 31. gxf4 Ng6 32. Qf7 Nxf4 33. Nxf4 Qxf4 34. Qe7 Qe3+ 35. Kh1 Qxh3 36. Qxd8+ Kh7 37. R6b3 Qe6 38. Rxb7 Qxe4+ 39. Kg1 Qe3+ 40. Kf1 Qf3+ 41. Kg1 1/2-1/2

[Event "Scarborough CC-ch reserves op"]
[Site "Toronto CAN"]
[Date "2009.03.19"]
[Round "4"]
[White "Souchko, Larissa"]
[Black "Farrant, David"]
[Result "0-1"]
[WhiteElo "1238"]
[BlackElo "1498"]
[PlyCount "24"]
[GameId "2160767910260571"]
[EventDate "2009.02.26"]
[EventType "swiss"]
[EventRounds "9"]
[EventCountry "CAN"]
[SourceTitle "EXT 2011"]
[Source "ChessBase"]
[SourceDate "2011.11.26"]
[SourceVersion "1"]
[SourceVersionDate "2011.11.26"]
[SourceQuality "1"]

1. e4 c5 2. Nf3 e6 3. c3 Nf6 4. e5 Nd5 5. d4 cxd4 6. cxd4 Nc6 7. Bb5 Qa5+ 8. Nc3 Nxc3 9. Qb3 Nxb5+ 10. Bd2 Bb4 11. O-O Bxd2 12. Nxd2 Nbxd4 0-1

[Event "Scarborough CC-ch reserves op"]
[Site "Toronto CAN"]
[Date "2009.03.26"]
[Round "5"]
[White "Arfin, Sam"]
[Black "Ferreira, Alex"]
[Result "0-1"]
[WhiteElo "1893"]
[BlackElo "2062"]
[PlyCount "70"]
[GameId "2160767910260572"]
[EventDate "2009.02.26"]
[EventType "swiss"]
[EventRounds "9"]
[EventCountry "CAN"]
[SourceTitle "EXT 2011"]
[Source "ChessBase"]
[SourceDate "2011.11.26"]
[SourceVersion "1"]
[SourceVersionDate "2011.11.26"]
[SourceQuality "1"]

1. e4 d5 2. exd5 Nf6 3. d4 Nxd5 4. c4 Nb6 5. Nc3 e5 6. d5 Bb4 7. Bd2 c6 8. dxc6 Nxc6 9. a3 Bxc3 10. Bxc3 Qxd1+ 11. Rxd1 Bg4 12. f3 Be6 13. b3 O-O 14. Bd3 Rfd8 15. Ne2 a5 16. a4 Nd7 17. Kf2 Nc5 18. Bc2 f6 19. Ng3 Nd4 20. Bxd4 exd4 21. Ne4 d3 22. Nxc5 dxc2 23. Rxd8+ Rxd8 24. Rc1 Bf5 25. Ke2 Re8+ 26. Kd2 Rd8+ 27. Ke2 Re8+ 28. Kd2 Re7 29. g4 Bg6 30. h3 h5 31. Rf1 hxg4 32. hxg4 b6 33. Na6 Rd7+ 34. Kc1 Rd3 35. c5 Rxb3 0-1

[Event "Scarborough CC-ch reserves op"]
[Site "Toronto CAN"]
[Date "2009.03.26"]
[Round "5"]
[White "Armstrong, Robert J"]
[Black "Mesiti, Silvano"]
[Result "1/2-1/2"]
[WhiteElo "1827"]
[BlackElo "1690"]
[PlyCount "81"]
[GameId "2160767910260573"]
[EventDate "2009.02.26"]
[EventType "swiss"]
[EventRounds "9"]
[EventCountry "CAN"]
[SourceTitle "EXT 2011"]
[Source "ChessBase"]
[SourceDate "2011.11.26"]
[SourceVersion "1"]
[SourceVersionDate "2011.11.26"]
[SourceQuality "1"]

1. d4 d5 2. c4 e6 3. e3 Nf6 4. Nf3 dxc4 5. Bxc4 Bb4+ 6. Bd2 Bxd2+ 7. Qxd2 O-O 8. O-O Nc6 9. Rd1 Ne7 10. Nc3 c6 11. a4 Ned5 12. Nxd5 exd5 13. Bd3 Bg4 14. Be2 Ne4 15. Qc2 Qf6 16. Rf1 Bf5 17. Bd3 Bg6 18. Ne5 Qe7 19. f3 Nd6 20. Rae1 Bxd3 21. Qxd3 f6 22. Ng4 Rfe8 23. b3 Qe6 24. Nf2 f5 25. Qc2 Re7 26. Nd3 Rae8 27. Re2 Qf6 28. Rfe1 g5 29. Ne5 Nf7 30. f4 g4 31. g3 Nd6 32. Kg2 Ne4 33. Rg1 Qh6 34. Kf1 Qh3+ 35. Ke1 Qh6 36. b4 a6 37. Qb3 Kf8 38. Rc2 Nd6 39. Rgg2 Qh3 40. Rge2 Qh6 41. Rc5 1/2-1/2

[Event "Scarborough CC-ch reserves op"]
[Site "Toronto CAN"]
[Date "2009.03.26"]
[Round "5"]
[White "Moran-Venegas, Mario"]
[Black "Gillis, Doug"]
[Result "1-0"]
[WhiteElo "1766"]
[BlackElo "1677"]
[PlyCount "95"]
[GameId "2160767910260574"]
[EventDate "2009.02.26"]
[EventType "swiss"]
[EventRounds "9"]
[EventCountry "CAN"]
[SourceTitle "EXT 2011"]
[Source "ChessBase"]
[SourceDate "2011.11.26"]
[SourceVersion "1"]
[SourceVersionDate "2011.11.26"]
[SourceQuality "1"]

1. e4 e6 2. Nc3 d5 3. Nf3 Nf6 4. e5 Nfd7 5. d4 c5 6. Bb5 a6 7. Bxd7+ Nxd7 8. O-O cxd4 9. Qxd4 Bc5 10. Qg4 Kf8 11. Be3 h5 12. Bxc5+ Nxc5 13. Qb4 Qc7 14. Na4 b6 15. Qxb6 Qxb6 16. Nxb6 Rb8 17. Nxc8 Rxc8 18. b3 Ke7 19. Nd4 Ne4 20. f3 Nc5 21. Rac1 Nd7 22. Rfe1 Nb6 23. Kf2 Rhd8 24. h3 g6 25. g4 hxg4 26. hxg4 Rh8 27. Kg3 Nd7 28. a3 Rc3 29. a4 Nc5 30. Ne2 Ne4+ 31. Kg2 Re3 32. fxe4 Rxe4 33. Kg3 g5 34. Ng1 Rb4 35. Nf3 Rc8 36. Rf1 Rc3 37. Rfd1 Re3 38. Rd3 Re2 39. Nd4 Rxd4 40. Rxd4 Rxe5 41. c4 Re3+ 42. Kf2 Rxb3 43. cxd5 exd5 44. Rxd5 f6 45. Re1+ Kf7 46. Rd7+ Kg6 47. Ree7 f5 48. Re6# 1-0

[Event "Scarborough CC-ch reserves op"]
[Site "Toronto CAN"]
[Date "2009.03.26"]
[Round "5"]
[White "Verde, Pino"]
[Black "Morra, Lui"]
[Result "1-0"]
[WhiteElo "1712"]
[BlackElo "1641"]
[PlyCount "45"]
[GameId "2160767910260575"]
[EventDate "2009.02.26"]
[EventType "swiss"]
[EventRounds "9"]
[EventCountry "CAN"]
[SourceTitle "EXT 2011"]
[Source "ChessBase"]
[SourceDate "2011.11.26"]
[SourceVersion "1"]
[SourceVersionDate "2011.11.26"]
[SourceQuality "1"]

1. e4 c5 2. Nf3 e6 3. Bc4 Nc6 4. Bb3 Nf6 5. d3 Qc7 6. Nc3 d6 7. Bd2 a6 8. a3 Be7 9. h3 O-O 10. g4 Nd4 11. Nxd4 cxd4 12. Ne2 e5 13. g5 Nd7 14. Ng3 Nc5 15. Ba2 Qc6 16. Qh5 Qb6 17. g6 h6 18. Bxh6 Be6 19. Bxg7 Kxg7 20. Qh7+ Kf6 21. Nh5+ Kg5 22. Rg1+ Kh4 23. Nf6# 1-0